00501cam a22001337a 4500008004000000082001700040100002200057245006400079260002800143300001500171650006800186650006900254650004400323180718b1971 xxu||||| |||| 00| 0 eng d aB835x73 B193 aBaldinger,Stanley aPlanning and governing the metropoliscBy Stanley Baldinger aNew YorkbPraegerc1971 axxvi, 285p aSaint Paul Metropolitan Area (Minn.) -- Politics and government aMinneapolis Metropolitan Area (Minn.) -- Politics and government aMetropolitan government -- Case studies